[Event "Villa Ballester op 73rd"]
[Site "Buenos Aires"]
[Date "2024.01.20"]
[Round "2"]
[White "Ortega Morales, Javier"]
[Black "Torra, Leonardo"]
[Result "1-0"]
[WhiteElo "1769"]
[BlackElo "1159"]
[PlyCount "81"]
[EventDate "2024.01.19"]
[EventType "swiss"]
[EventRounds "9"]
[EventCountry "ARG"]
[SourceTitle "CB06_2024"]
[SourceDate "2024.02.07"]
[SourceVersion "1"]
[SourceVersionDate "2024.02.07"]
[SourceQuality "1"]

1. b4 a6 2. c4 e5 3. Bb2 d6 4. e3 Bf5 5. d3 Nf6 6. a4 Nbd7 7. Nc3 d5 8. cxd5 Bxb4 9. e4 Bg6 10. Qb3 Qe7 11. Nf3 0-0 12. Be2 Rab8 13. 0-0 Bd6 14. Nh4 Nc5 15. Nxg6 Nxb3 16. Nxe7+ Bxe7 17. Ba3 Bxa3 18. Rxa3 Nd4 19. f4 Nxe2+ 20. Nxe2 exf4 21. Nxf4 Nd7 22. d4 Rbc8 23. e5 c5 24. e6 fxe6 25. dxe6 Nf6 26. d5 Rfd8 27. Rd1 Rd6 28. a5 Rc7 29. Rb3 g5 30. Rb6 Ne8 31. Rxd6 Nxd6 32. Nh5 Kf8 33. Rf1+ Ke7 34. Nf6 Kd8 35. Ng8 Rg7 36. Rf8+ Ne8 37. Nf6 Re7 38. Rxe8+ Rxe8 39. Nxe8 Kxe8 40. d6 c4 41. Kf2 1-0